NCAA Women's Volleyball Champions - Statistics

General Stats
  • This quiz has been taken 289 times
    273 since last reset
  • The average score is 30 of 41
Answer Stats
Year Champion Score % Correct
2017 Nebraska 3-1
95%
2015 Nebraska 3-0
95%
2006 Nebraska 3-1
95%
2000 Nebraska 3-2
95%
1995 Nebraska 3-1
95%
2012 Texas 3-0
91%
1988 Texas 3-0
91%
2011 UCLA 3-1
84%
1991 UCLA 3-2
84%
1990 UCLA 3-0
84%
1984 UCLA 3-2
84%
2021 Wisconsin 3-2
83%
2014 Penn State 3-0
81%
2013 Penn State 3-1
81%
2010 Penn State 3-0
81%
2009 Penn State 3-2
81%
2008 Penn State 3-0
81%
2007 Penn State 3-2
81%
1999 Penn State 3-0
81%
2019 Stanford 3-0
80%
2018 Stanford 3-2
80%
2016 Stanford 3-1
80%
2004 Stanford 3-0
80%
2001 Stanford 3-0
80%
1997 Stanford 3-2
80%
1996 Stanford 3-0
80%
1994 Stanford 3-1
80%
1992 Stanford 3-1
80%
2003 USC 3-1
74%
2002 USC 3-1
74%
1982 USC 3-2
74%
1981 USC 3-2
74%
2020 Kentucky 3-1
68%
2005 Washington 3-0
62%
1987 Hawaii 3-1
49%
1983 Hawaii 3-0
49%
1998 Long Beach State 3-2
32%
1993 Long Beach State 3-1
32%
1989 Long Beach State 3-0
32%
1986 Pacific 3-0
26%
1985 Pacific 3-1
26%
No matching quizzes found
Score Distribution
Percent of People with Each Score
Percentile by Number Answered
Your Score History
You have not taken this quiz since the last reset